01734naa a2200181 a 450000100080000000500110000800800410001910000160006024501270007626000090020352011390021265300170135165300130136865300150138165300160139670000250141277301150143711207662014-04-30 1997 bl uuuu u00u1 u #d1 aHECK, T. C. aInflu??ncia de tratamentos pr??-germinativos e substratos em sementes de Grevillea robusta A. Cunn.h[electronic resource] c1997 aAvaliar a influ??ncia de seis tratamentos pr??-germinativos e quatro substratos na germina????o de sementes de duas plantas de Grevillea robusta (B e C), foi o objetivo do presente trabalho. Antes da semeadura, as sementes receberam os seguintes tratamentos pr??-germinativos: imers??o em solu????o de KNO3 a 0,2% durante 24 horas; substrato umedecido em solu????o de KNO3 a 0,2%; pr??-esfriamento ?? temperatura de +ou- 5oC durante sete dias; imers??o em ??gua durante 48 horas; lavagem com ??gua corrente por 24 horas e lavagem com ??gua corrente por 48 horas. As sementes foram colocadas para germinar em sementeiras contendo solo, areia, serragem decomposta e casca de arroz carbonizada, fazendo-se a contagem das pl??ntulas durante 28 dias. Os resultados mostraram grandes diferen??as na germina????o das duas plantas, onde a planta B apresentou as sementes de melhor qualidade. Observou-se que os tratamentos pr??-germinativos e os diferentes substratos n??o s??o significativos na germina????o das sementes da planta B, mas a velocidade de germina????o ?? maior quando o substrato usado foi a serragem decomposta, areia e solo. agermina????o asementes asubstratos aviabilidade1 aDELACHIAVE, M. E. A. tIn: CONGRESSO BRASILEIRO DE SEMENTES, 10., 1997, Foz do Igua??u, PR. Anais... Curitiba: ABRATES, 1997. p. 114.